Meilleurs joueurs de Top 14 sur la saison 2024/2025 - Statistiques

Statistiques générales
  • Ce quiz a été pris 45 fois
  • Le résultat moyen est 15 sur 37
Statistiques - réponses
Hint Nombre de points Club Réponse % Correct
Points marqués 219 Thomas Ramos
95%
Essais marqués 13 Louis Bielle-Biarrey
77%
Offloads 28 Damian Penaud
74%
Ballons grattés 28 Jack Willis
74%
Placages cassés 82 Josua Tuisova
69%
Points marqués 216 Léo Berdeu
69%
Points marqués 228 Nolann Le Garrec
69%
Points marqués 195 Joris Segonds
64%
Offloads 33 Matthieu Jalibert
64%
Essais marqués 11 Émilien Gailleton
59%
Points marqués 255 Joe Simmonds
59%
Drops 2 Antoine Hastoy
54%
Essais marqués 11 Baptiste Couilloud
54%
Essais marqués 12 Gaël Dréan
54%
Essais marqués 11 Sireli Maqala
54%
Points marqués 253 Maxime Lafage
49%
Moyenne de points par match 10 Melvyn Jaminet
46%
Franchissements 23 Ange Capuozzo
36%
Franchissements 26 Max Spring
36%
Ballons grattés 16 Sekou Macalou
33%
Placages cassés 75 Leicester Fainga'anuku
31%
Placages cassés 74 Jiuta Wainiqolo
28%
Placages cassés 78 Mateo Carreras
23%
Offloads 29 Léo Barré
21%
Franchissements 23 Rémy Baget
21%
Offloads 35 Semi Radradra
21%
Ballons grattés 15 Viliami Vunipola
21%
Ballons grattés 15 Facundo Bosch
18%
Placages réussis 237 Francisco Gorrissen
18%
Offloads 27 Pita-gus Sowakula
18%
Placages réussis 258 Alexandre Bécognée
15%
Placages réussis 231 Marko Gazzotti
15%
Offloads 29 Salesi Rayasi
15%
Ballons grattés 14 Arthur Retière
13%
Placages réussis 233 Lucas Velarte
13%
Placages réussis 273 Sione Kalamafoni
8%
Placages réussis 234 Loïc Credoz
3%
Aucun quiz correspondant
Distribution des résultats
% des personnes avec chaque résultat
Percentile par nombre de réponses
Votre historique - résultats
Vous n’avez pas pris ce quiz